Principles of auditing & other assurance services
Principles of Auditing presents concepts clearly and proactively monitors changes in auditing making the relationship between accounting and auditing understandable. The 16th edition maintains the organization and balance sheet orientation, while adding and enhancing topics of Risk, Assurance Servic...
Na minha lista:
| Autor principal: | |
|---|---|
| Formato: | Livro |
| Idioma: | Undetermined |
| Publicado em: |
Boston
McGraw-Hill/Irwin
2014
|
| Assuntos: | |
| Tags: |
Adicionar Tag
Sem tags, seja o primeiro a adicionar uma tag!
|
| Thư viện lưu trữ: | Trung tâm Học liệu Trường Đại học Cần Thơ |
|---|
| LEADER | 00911nam a2200181Ia 4500 | ||
|---|---|---|---|
| 001 | CTU_225233 | ||
| 008 | 210402s9999 xx 000 0 und d | ||
| 082 | |a 657.45 | ||
| 082 | |b W626 | ||
| 100 | |a Whittington, Ray | ||
| 245 | 0 | |a Principles of auditing & other assurance services | |
| 245 | 0 | |c O. Ray Whittington, Kurt Pany | |
| 260 | |a Boston | ||
| 260 | |b McGraw-Hill/Irwin | ||
| 260 | |c 2014 | ||
| 520 | |a Principles of Auditing presents concepts clearly and proactively monitors changes in auditing making the relationship between accounting and auditing understandable. The 16th edition maintains the organization and balance sheet orientation, while adding and enhancing topics of Risk, Assurance Services, Fraud, E-Commerce, and the latest auditing standards to meet the needs of the current marketplace | ||
| 650 | |a Auditing,Kiểm toán | ||
| 980 | |a Trung tâm Học liệu Trường Đại học Cần Thơ | ||